alle amateur voetbalclubs van Noord holland - Statistieken

Algemene statistieken
  • Deze quiz is 20 keer genomen
  • De gemiddelde score is 4 van 289
Antwoordstatistieken
Antwoord % Correct
1 AFC '34
36%
1 Koninklijke HFC
36%
1 ADO '20
29%
1 FC Amsterdam
21%
1 ODIN '59
21%
1 BFC
14%
1 RKVV DEM
14%
1 Sporting Krommenie
14%
1 SV Spartanen
14%
1 VVS '46
14%
1 ASC De Volewijckers
7%
1 DRC
7%
1 FC Medemblik
7%
1 FC Purmerend
7%
1 FC Uitgeest
7%
1 FC Zaandam
7%
1 HVV Hollandia
7%
1 KFC
7%
1 KSV
7%
1 Legmeervogels
7%
1 OFC
7%
1 Schagen United
7%
1 SC Hercules Zaandam
7%
1 SV Always Forward
7%
1 SV Beemster
7%
1 SV Ouderkerk
7%
1 TOS
7%
1 VEW
7%
1 Victoria O
7%
1 VSV
7%
1 VVA/Spartaan
7%
1 VV IJmuiden
7%
1 VV Kolping Boys
7%
1 VV Reiger Boys
7%
1 VV SEW
7%
1 WV-HEDW
7%
1 AC Amsterdam
0%
1 AFC DWS
0%
1 AFC IJburg
0%
1 AFC Nautilus
0%
1 AFC TABA
0%
1 AGB
0%
1 AGSV Aartswoud
0%
1 Amsterdam Seref Spor
0%
1 AMVJ
0%
1 Apollo '68
0%
1 ASC SDW
0%
1 ASV '55
0%
1 ASV '65
0%
1 ASV Arsenal
0%
1 ASV Blauw Wit
0%
1 ASV De Dijk
0%
1 ASV De Flamingo's '64
0%
1 A.s.v. DTA Fortius
0%
1 ASV Germaan/De Eland
0%
1 ASV Wartburgia
0%
1 AVV FIT
0%
1 AVV SDZ
0%
1 AVV Sloterdijk
0%
1 AVV Swift
0%
1 AVV TOG
0%
1 AVV Zeeburgia
0%
1 BSV Allen Weerbaar
0%
1 BVC Bloemendaal
0%
1 BVV '31
0%
1 BVV De Kennemers
0%
1 BZC '13
0%
1 Con Zelo
0%
1 CSV BOL
0%
1 CSV Jong Holland
0%
1 CTO '70
0%
1 CVV Blauw Wit
0%
1 CVV Jong Hercules
0%
1 CVV Vlug en Vaardig
0%
1 CV Wieringermeer
0%
1 DEVO '58
0%
1 VV Limmen
0%
1 VV Wiron
0%
1 DSOV
0%
1 Duinrand S
0%
1 DVVA
0%
1 DZS
0%
1 EVC
0%
1 FC Aalsmeer
0%
1 FC Amsterdamse Bos
0%
1 FC Ankaraspor
0%
1 FC Castricum
0%
1 FC Excelsior
0%
1 FC Hilversum
0%
1 FC Portugal Amsterdam
0%
1 FC Velsenoord
0%
1 FC Victoria
0%
1 FC VVC
0%
1 FC Weesp
0%
1 GeuzenMiddenmeer
0%
1 GSV
0%
1 Hauwert '65
0%
1 HCSV Zwaluwen '30
0%
1 HFC EDO
0%
1 HFC Heemstede
0%
1 HOSV
0%
1 HSV De Zuidvogels
0%
1 HSV Sport 1889
0%
1 HSV Wasmeer
0%
1 Hugo Boys
0%
1 HVV DSK
0%
1 HYS
0%
1 IJ.V.V. Stormvogels
0%
1 IVV
0%
1 JOS Watergraafsmeer
0%
1 Kwiek '78
0%
1 LSVV
0%
1 Meervogels '31
0%
1 NFC
0%
1 NVC
0%
1 Olympia Haarlem
0%
1 OSC Amsterdam
0%
1 OSO
0%
1 OSV
0%
1 QSC
0%
1 RCH
0%
1 Real United
0%
1 RKAVIC
0%
1 RKAV Volendam
0%
1 RKEDO SV
0%
1 RKSV DCG
0%
1 RKSV DES
0%
1 RKSV HBC
0%
1 RKSV Pancratius
0%
1 RKSV RODA '23
0%
1 RKSV Sint George
0%
1 RKSV TOB
0%
1 RKVV DSS
0%
1 RKVV Onze Gezellen
0%
1 RKVV Saenden
0%
1 RKVV Velsen
0%
1 RKVV Zwaagdijk
0%
1 Rood-Wit Zaanstad
0%
1 SC AH '78
0%
1 SC Badhoevedorp
0%
1 SC Dynamo
0%
1 SC Eendracht '82
0%
1 SC Muiden
0%
1 SC Muiderberg
0%
1 SC Overamstel
0%
1 SCPB '22
0%
1 SC Purmerland
0%
1 SC Spirit '30
0%
1 SCW
0%
1 SDOB
0%
1 SDO Bussum
0%
1 Sint Boys DES
0%
1 Sporting Andijk
0%
1 Sporting Martinus
0%
1 SSV
0%
1 Surinam Boys
0%
1 SVA Assendelft
0%
1 SV Alliance '22
0%
1 SV Beverwijk
0%
1 SV BSM
0%
1 SV De Foresters
0%
1 SV De Koog
0%
1 SV De Meer
0%
1 SV De Meteoor
0%
1 SV De Rijp
0%
1 SV DESS
0%
1 SV De Valken
0%
1 SV Diemen
0%
1 SV DIO
0%
1 SV DIOS
0%
1 SV DTS
0%
1 S.V. Fortuna Wormerveer
0%
1 SV Geel Wit '20
0%
1 SV Geel-Zwart '30
0%
1 SV Geinburgia
0%
1 SV Graftdijk
0%
1 SV Hoofddorp
0%
1 SV Huizen
0%
1 SV Ilpendam
0%
1 SV Kadoelen
0%
1 SV KDO
0%
1 SV Kleine Sluis
0%
1 SV KLM
0%
1 SV Kreileroord
0%
1 SV Laren '99
0%
1 SV Loosdrecht
0%
1 SV Marken
0%
1 SV Nieuw Sloten
0%
1 SV Nieuw-West United
0%
1 SV Olympia '25
0%
1 SV Oosterend
0%
1 SV Overbos
0%
1 SVOW
0%
1 SV Parkstad
0%
1 SV Petten
0%
1 SV Rap
0%
1 SV Real Sranang
0%
1 SV Robinhood
0%
1 SV 's-Graveland
0%
1 SV Sint Adelbert
0%
1 SV Spaarnwoude
0%
1 SV Sporting S
0%
1 SV Terrasvogels
0%
1 SV United/DAVO
0%
1 SV Vogelenzang
0%
1 SV Vrone
0%
1 SVW '27
0%
1 SV Waard Molenboys Combinatie
0%
1 SV Westfriezen
0%
1 SV Wieringerwaard
0%
1 SV Wijk aan Zee
0%
1 SV Zandvoort
0%
1 SV ZDH
0%
1 SV Zuidermeer
0%
1 TSV Twisk
0%
1 VAVV Alcmaria Victrix
0%
1 Velserbroek
0%
1 VIOS-W
0%
1 Vitesse '22
0%
1 VPV Purmersteijn
0%
1 VV ALC
0%
1 VV Alkmaarsche Boys
0%
1 VV Altius
0%
1 VV Amstelveen
0%
1 VV Assendelft
0%
1 VV Bergen
0%
1 VV Berkhout
0%
1 VV Callantsoog
0%
1 VV De Beursbengels
0%
1 VV De Blokkers
0%
1 VV De Wherevogels
0%
1 VV De Zouaven
0%
1 VV Dirkshorn
0%
1 VV DWB
0%
1 VV DWOW
0%
1 VV Egmondia
0%
1 VV Flevo
0%
1 VVGA
0%
1 VV Grasshoppers
0%
1 VV HBOK
0%
1 VV Hollandia T
0%
1 VV HSV
0%
1 VV Jisp
0%
1 VV Kaagvogels
0%
1 VV Kagia
0%
1 VV K.G.B.
0%
1 VV Knollendam
0%
1 VV Kwadijk
0%
1 VV MOC
0%
1 VV Monnickendam
0%
1 VV Nederhorst
0%
1 VV Nieuwe Niedorp
0%
1 VV Oosthuizen
0%
1 VV Opperdoes
0%
1 VV Oudesluis
0%
1 VV Schagen
0%
1 VV Schellinkhout
0%
1 VV Schoten
0%
1 VV SRC
0%
1 VV Strandvogels
0%
1 VV Succes
0%
1 VV SVIJ
0%
1 VV Texel '94
0%
1 VV THB
0%
1 VV UNO
0%
1 VV Vesdo
0%
1 VV VVW
0%
1 VVV Westzaan
0%
1 VV VZV
0%
1 VV Waterloo
0%
1 VV Winkel
0%
1 VV Woudia
0%
1 VV ZTS
0%
1 VV Zwanenburg
0%
1 WBSV
0%
1 WFC Wormerveer
0%
1 WSV '30
0%
1 WSW
0%
1 Z.A.P.
0%
1 ZCFC
0%
1 ZFC
0%
1 ZOB
0%
1 ZSGOWMS
0%
1 Zuidoost United
0%
1 ZVV Meervogels
0%
1 ZVV RCZ
0%
1 ZVV Zaandam
0%
1 ZVV Zaandijk
0%
1 ZVV Zaanlandia
0%
Geen overeenkomende quizzen gevonden
Scoreverdeling
Procent van Mensen met Elke Score
Percentiel versus Aantal Correcte Antwoorden
Uw Scoregeschiedenis
U heeft deze quiz nog niet genomen